000 00582nam a2200217 i 4500
001 110065
003 ES-MaACL
005 20230906184953.0
007 t|
008 061121s1956 sp r ||||1| spa d
080 _a821.134.2-31"19"
100 1 _aOrad, Remedios.
_987141
245 1 0 _aMatar a una mujer no es nada fácil /
_cRemedios Orad.
250 _a1ª ed.
260 _aMadrid :
_bTaurus,
_c1956.
300 _a167 p. ;
_c19 cm.
490 1 _aEl club de la sonrisa
830 1 _aEl club de la sonrisa
_9181145
852 4 _aES-MaACL
_jC-10495
999 _c110065
_d110065